Sledovanie cukrovky samotným diabetikom (selfmonitoring)

Bibliographic Details
Main Author: Kolesár, Pavol, 1929-2013 (Author)
Format: Article
Language:Slovak
Subjects:

MARC

LEADER 00000nab a2200000 a 4500
001 vtls000208343
003 SK-MaSNL
005 20260304175308.0
008 250422c1985 xo 0 slo
015 |a SNBRB19rr/mm-uuuuu 
035 |a CL0218456 
035 |a urn:nbn:sk:snk-ab6kx6 
035 |a (uuid)403bfcb7-9c01-43c5-bab4-7487061ff45a 
035 |a (urnnbn)urn:nbn:sk:snk:ar-005frv 
035 |a (sysno)vtls000208343 
040 |a SNKBUCL  |b slo  |c SNKBUCL  |e AACR2 
041 0 |a slo 
044 |a xo  |c SK 
080 |a 616.379-008-64  |2 1981 
100 1 |a Kolesár, Pavol,  |d 1929-2013  |4 aut  |9 151119 
245 1 0 |a Sledovanie cukrovky samotným diabetikom (selfmonitoring)  |c P. Kolesár 
300 |b Res. rus., nem., angl., lit. 6 zázn. v slov., angl. 
650 0 7 |a diabetes mellitus  |2 snkbucl  |9 72741 
655 7 |a články z novín a časopisov  |2 snkbucl  |9 267496 
773 0 |t Lekársky obzor  |g Roč. 34, č. 2 (1985), s. 101-104 
850 |a Slovenská národná knižnica 
852 |a Slovenská národná knižnica 
954 |a odborná, vedecká literatúra pôvodná (slovenská)  |2 lita 
958 |a article2022 
958 |a OND 
958 |a NB 
958 |a RK 
958 |a MI 
958 |a EUIPO 
992 |a RBX 
999 |c 3012913  |d 3014843